| 000 | 00599nam a2200205Ia 4500 | ||
|---|---|---|---|
| 008 | 191130s2004##################000#0#eng## | ||
| 020 | _a9781594510410 | ||
| 040 |
_aACL _cACL |
||
| 082 | _a306.42 SAY | ||
| 100 | _aSayer, Derek | ||
| 245 |
_aGoing down for air : a memoir in search of a subject _cDerek Sayer |
||
| 260 |
_aBoulder, CO _bParadigm Publishers _c©2004 |
||
| 300 | _ax, 201 p. : ill. ; 23 cm | ||
| 500 | _aIncludes index | ||
| 650 | _aGroup identity | ||
| 650 | _aMemory -- Social aspects | ||
| 990 | _a8ab0a5a6ac10000c5fb8372b68a4c43f | ||
| 991 | _a199743 | ||
| 999 |
_c196310 _d196310 |
||